America : The mixed curse
שמור ב:
| מחבר ראשי: | |
|---|---|
| פורמט: | ספר |
| שפה: | Undetermined |
| יצא לאור: |
Australia
Penguin Books
1969
|
| תגים: |
הוספת תג
אין תגיות, היה/י הראשונ/ה לתייג את הרשומה!
|
| Thư viện lưu trữ: | Trung tâm Học liệu Trường Đại học Cần Thơ |
|---|
| LEADER | 00450nam a2200181Ia 4500 | ||
|---|---|---|---|
| 001 | CTU_86026 | ||
| 008 | 210402s9999 xx 000 0 und d | ||
| 082 | |a 973.92 | ||
| 082 | |b K83 | ||
| 100 | |a Kopkind, Andrew | ||
| 245 | 0 | |a America : | |
| 245 | 4 | |b The mixed curse | |
| 245 | 0 | |c Andrew Kopkind | |
| 260 | |a Australia | ||
| 260 | |b Penguin Books | ||
| 260 | |c 1969 | ||
| 904 | |i Mai Loan | ||
| 980 | |a Trung tâm Học liệu Trường Đại học Cần Thơ | ||